Statistics for Largest cities starting with R in each country

Click here to take the quiz!

General Stats

  • This quiz has been taken 23 times
  • The average score is 15 of 166

Answers on the Map

Answers color-coded by a green-red scale on the quiz's map according to % correct below.
 

Answer Stats

CountryPopulationAnswer% Correct
Brazil6,211,400Rio de Janeiro
95%
Malta11,900Rabat
86%
Morocco577,800Rabat
86%
United States of America476,600Raleigh
86%
Italy2,761,600Rome
86%
Iceland139,900Reykjavik
77%
Latvia615,000Riga
77%
Saudi Arabia7,009,100Riyadh
77%
(The) Netherlands1,273,400Rotterdam
73%
Canada226,400Regina
59%
France220,500Rennes
55%
Argentina1,193,600Rosario
55%
Russia1,130,300Rostov-on-Don
55%
Germany208,400Rostock
45%
Pakistan2,098,200Rawalpindi
41%
Croatia108,600Rijeka
36%
Greece56,400Rhodes
32%
Finland62,700Rovaniemi
27%
United Kingdom16,700Ripon
23%
Australia81,000Rockhampton
23%
Dominica14,700Roseau
23%
Palestine158,400Rafah
18%
Denmark64,100Randers
18%
Mexico691,600Reynosa
18%
Turkey119,800Rize
18%
New Zealand58,900Rotorua
18%
India2,000,000Rajkot
14%
United Arab Emirates191,800Ras Al Khaimah
14%
Bulgaria123,100Ruse
14%
Poland206,900Radom
9%
Bangladesh708,600Rangpur
9%
Syria532,000Raqqa
9%
Burkina Faso33,900Reo
9%
Belgium61,700Roeselare
9%
Serbia27,700Ruma
9%
Romania93,200Ramnicu Valcea
5%
Chile207,000Rancagua
5%
Thailand84,300Rangsit
5%
Switzerland27,500Rapperswil-Jona
5%
Iran680,000Rasht
5%
Austria3,100Rechnitz
5%
Portugal65,500Rio Tinto
5%
Nicaragua41,100Rivas
5%
Uruguay64,500Rivera
5%
Ukraine243,900Rivne
5%
Cyprus2,300Rizokarpaso
5%
Ethiopia44,400Robe
5%
Sweden12,000Ronneby
5%
Egypt301,800Rosetta
5%
Mauritania33,500Rosso
5%
Liechtenstein2,300Ruggell
5%
Kenya371,100Ruiru
5%
Uganda37,200Rukunguri
5%
Malawi22,400Rumphi
5%
Namibia118,600Rundu
5%
Georgia125,103Rustavi
5%
Slovakia26,800Ruzomberok
5%
Japan75,200Ryugasaki
5%
Nigeria149,200Rabah
0%
Sudan152,700Rabak
0%
Papua New Guinea17,000Rabaul
0%
Vietnam228,400Rach Gia
0%
Hungary9,700Rackeve
0%
Yemen56,400Rada'a
0%
Antigua & Barbuda300Radio Range
0%
North Macedonia14,500Radovis
0%
Lithuania15,500Radviliskis
0%
Cuba53,400Rafael Freyre
0%
Central African Republic14,000Rafai
0%
Afghanistan37,800Ragh
0%
Kosovo15,900Rahovec
0%
East TImor12,100Railaco Administrative Post
0%
Marshall Islands4,700Rairok
0%
Fiji13,900Rakiraki
0%
Estonia15,400Rakvere
0%
Iraq223,500Ramadi
0%
Botswana33,300Ramotswa
0%
Myanmar9,900Ramree
0%
Andorra200Ransol
0%
Madagascar20,000Rantabe
0%
Tunisia94,700Raoued
0%
Lebanon15,000Ras Baalbek
0%
(The) Maldives1,100Rasdhoo
0%
Somalia79,000Ras Kamboni
0%
North Korea205,000Rason
0%
Djibouti3,000Ras Siyyan
0%
Azerbaijan47,900Rasulzade
0%
Lesotho26,600Ratau
0%
Nepal69,800Ratnanagar
0%
Sri Lanka166,000Ratnapura
0%
Norway7,800Raufoss
0%
St. Lucia600Ravine Poisson
0%
Slovenia7,300Ravne na Koroskem
0%
Kiribati1,000Rawannawi
0%
Kuwait21,500Rawda
0%
Qatar17,200Rawdat Al Khail
0%
Mali4,100Raz El Ma
0%
Kyrgyzstan34,600Razzakov
0%
Equatorial Guinea5,500Rebola
0%
Belarus65,000Rechytsa
0%
Singapore12,100Redhill
0%
Suriname200Redi Doti
0%
Libya25,800Regdalin
0%
Eritrea11,600Rehayto
0%
Honduras9,900Reitoca
0%
Algeria130,100Relizane
0%
Taiwan15,700Ren'ai
0%
Mongolia4,300Renchinlkhumbe
0%
Indonesia201,500Rengasdengklok
0%
Paraguay9,800Repatriacion
0%
Peru25,300Requena
0%
Mozambique11,200Ressano Garcia
0%
Guatemala90,500Retalhuleu
0%
Jamaica3,000Retreat
0%
Cameroon2,100Ribao
0%
Cape Verde2,600Ribeira Grande
0%
Bolivia78,800Riberalta
0%
Moldova47,900Ribnita
0%
São Tomé and Príncipe4,600Riboque
0%
Czech Republic16,800Ricany
0%
Kazakhstan52,100Ridder
0%
Bahrain195,600RIffa
0%
Armenia1,400Rind
0%
Ecuador177,200Riobamba
0%
Trinidad & Tobago8,900Rio Claro
0%
Costa Rica11,100Rio Cuarto
0%
Colombia286,800Riohacha
0%
Panama15,700Rio Hato
0%
Spain313,600Rioja
0%
Brunei50Riong
0%
Dominican Republic33,800Rio Verde Arriba
0%
Israel260,500Rishon LeZion
0%
Uzbekistan34,800Rishton
0%
Bhutan27,600Ritang
0%
Belize2,000Roaring Creek
0%
Liberia3,900Robertsport
0%
(The) Seychelles2,900Roche Caiman
0%
Barbados90Rock Dundo
0%
(The) Bahamas1,400Rock Sound
0%
Bosnia & Herzegovina3,300Rodoc
0%
Tajikistan14,900Roghun
0%
Cambodia2,500Romeas
0%
El Salvador11,400Rosario de Mora
0%
Haiti32,500Roseaux
0%
Mauritius12,800Rose-Belle
0%
St. Vincent & the Grenadines1,000Rose Hall
0%
Guyana4,400Rose Hall
0%
Sierra Leone30,000Rotifunk
0%
(The) Philippines179,300Roxas
0%
Montenegro25,200Rozaje
0%
Albania8.800Rreshen
0%
Solomon Islands100Ruaniu
0%
Guinea-Bissau200Rubane
0%
Venezuela87,200Rubio
0%
Senegal490,700Rufisque
0%
China1,241,700Rugao
0%
Rwanda135,000Ruhengeri
0%
Federated States of Micronesia2,000Rull
0%
South Sudan32,100Rumbek
0%
Luxembourg5,400Rumelange
0%
Malaysia18,500Rusila
0%
Jordan547,400Russeifa
0%
Oman120,000Rustaq
0%
Democratic Republic of the Congo56,100Rutshuru
0%
Zimbabwe94,100Ruwa
0%
Burundi77,100Ruyigi
0%

Score Distribution

Percentile by Number Answered

Percent of People with Each Score

Your Score History

You have not taken this quiz